Countries that Start with M - Statistics

General Stats
  • This quiz has been taken 51 times
  • The average score is 13 of 17
Answer Stats
Answer % Correct
Mexico
86%
Madagascar
83%
Myanmar
83%
Malaysia
80%
Montenegro
80%
Mali
77%
Monaco
77%
Mongolia
77%
Morocco
77%
Malawi
74%
Mauritania
74%
Maldives
71%
Malta
71%
Marshall Islands
71%
Mauritius
69%
Moldova
69%
Mozambique
69%
No matching quizzes found
Score Distribution
Percent of People with Each Score
Percentile by Number Answered
Your Score History
You have not taken this quiz